| 000 | 00479nam a2200181Ia 4500 | ||
|---|---|---|---|
| 005 | 20250508152754.0 | ||
| 008 | 008 250505s9999 xx 000 0 eng d | ||
| 037 | _aTextual | ||
| 040 |
_aFEDL _beng _cFEDL |
||
| 041 |
_aeng _2eng |
||
| 084 |
_a330.1, GAL _qFEDL |
||
| 100 | _aGalbraith John Kenneth | ||
| 245 | 0 | _aAffluent society | |
| 260 |
_aLondon, UK _bHamish Hamilton _c1960 |
||
| 300 | _a288p. | ||
| 942 |
_cTEXL _h330.1, GAL |
||
| 999 |
_c1338662 _d1338662 |
||